01265nam a2200313Ia 450000500170000000800390001702000180005610000280007424501190010225000220022130000620024353400480030565000470035365000470040065000330044765000340048065000350051470000390054970000360058894200150062426400290063933600270066833700330069533800280072804000350075608400110079199900150080295201340081720220317000234.0141031s2012 c a0 sga d s 0j s  a97884938429631 aTrivizas, Eugened1946-14aLos tres lobitos y el cochino ferozcEugene Trivizas ; ilustraciones de Helen Oxenbury ; traducción Alex Dearden aSegunda edición a[30] páginas sin enumerarbilustraciones a colorc28 cm tThe three little wolves and the big bad pig142LEMBaCuentos infantiles griegosySiglo XX142LEMBaLiteratura infantil griegaySiglo XX142LEMBaLobos en la literatura142LEMBaCerdos en la literatura142LEMBaAmistad en la literatura1 aOxenbury, Heleneilustrador9992351 aDearden, Alexetraductor999236 2loccBKINF aBarcelonabEkaréc2012 atextobtxt2rdacontent asin mediaciónbn2rdamedia avolumenbnc2rdacarrier aCO-BoRNBPbspaerdacCO-BoRNBP aC TRI1 c3491d3491 00102ddc40708INFaMECASARIbMECASARIcSInfd2023-03-30l0oCTRI1EJ.1pMDA000045r2023-03-30 00:00:00tEj.1w2023-03-30yBKINF